След человека: повесть

ग्रंथसूची विवरण
मुख्य लेखक: Москвин Н. Я. Николай Яковлевич
अन्य लेखक: Бродский С. (художник)
भाषा:रूसी
प्रकाशित: Москва, Детская литература, 1973
श्रृंखला:Библиотека приключений и научной фантастики
विषय:
स्वरूप: पुस्तक
KOHA link:https://koha.lib.tpu.ru/cgi-bin/koha/opac-detail.pl?biblionumber=313872

MARC

LEADER 00000nam0a2200000 4500
001 313872
005 20231102002624.0
035 |a (RuTPU)RU\TPU\book\339263 
090 |a 313872 
100 |a 20160204d1973 d y0rusy50 ca 
101 0 |a rus 
102 |a RU 
105 |a a z 000ay 
200 1 |a След человека  |e повесть  |f Н. Я. Москвин  |g худож. С. Бродский 
210 |a Москва  |c Детская литература  |d 1973 
215 |a 191 с.  |c ил. 
225 1 |a Библиотека приключений и научной фантастики 
606 1 |a Русская литература современная  |2 stltpush  |3 (RuTPU)RU\TPU\subj\26373  |9 50316 
610 1 |a художественная литература 
610 1 |a детская литература 
610 1 |a повести 
610 1 |a приключения 
675 |a Р2  |v 4 
700 1 |a Москвин  |b Н. Я.  |g Николай Яковлевич 
702 1 |a Бродский  |b С.  |4 040 
801 1 |a RU  |b 63413507  |c 20160204 
801 2 |a RU  |b 63413507  |c 20201222  |g RCR 
942 |c BK